[Event "Muensterland Verbandsklasse-A 0809"]
[Site "Germany"]
[Date "2008.09.13"]
[Round "1.7"]
[White "Pliete, Christian"]
[Black "Herdering, Roman"]
[Result "1-0"]
[WhiteElo "1787"]
[BlackElo "1352"]
[PlyCount "33"]
[EventDate "2008.09.13"]
[EventType "team-tourn"]
[EventRounds "9"]
[EventCountry "GER"]
[SourceTitle "EXT 2010"]
[Source "ChessBase"]
[SourceDate "2010.11.25"]
[SourceVersion "1"]
[SourceVersionDate "2010.11.25"]
[SourceQuality "1"]
[WhiteTeam "Raesfeld Erle"]
[BlackTeam "Metelen"]
[WhiteTeamCountry "GER"]
[BlackTeamCountry "GER"]

1. e4 e5 2. Nf3 Nc6 3. Bc4 Bc5 4. c3 Nf6 5. d4 exd4 6. cxd4 Bb4+ 7. Nc3 d5 8. exd5 Nxd5 9. Qb3 Nce7 10. 0-0 0-0 11. Bg5 Bxc3 12. bxc3 c6 13. Rfe1 Be6 14. Bxd5 Bxd5 15. Bxe7 Bxb3 16. Bxd8 Raxd8 17. axb3 1-0

[Event "Muensterland Verbandsklasse-B 0708"]
[Site "Germany"]
[Date "2008.04.12"]
[Round "8.8"]
[White "Herdering, Roman"]
[Black "Temmen, Norbert"]
[Result "1/2-1/2"]
[WhiteElo "1320"]
[BlackElo "1663"]
[PlyCount "86"]
[EventDate "2007.09.15"]
[EventType "team"]
[EventRounds "9"]
[EventCountry "GER"]
[SourceTitle "EXT 2009"]
[Source "ChessBase"]
[SourceDate "2008.11.26"]
[SourceVersion "1"]
[SourceVersionDate "2008.11.26"]
[SourceQuality "1"]
[WhiteTeam "Metelen"]
[BlackTeam "Nienberge"]
[WhiteTeamCountry "GER"]
[BlackTeamCountry "GER"]

1. e4 e6 2. d4 d5 3. exd5 exd5 4. Nf3 Bg4 5. Be2 Bd6 6. Be3 Nf6 7. 0-0 0-0 8. Bg5 Nbd7 9. Re1 Re8 10. c3 c6 11. Nbd2 Qc7 12. h3 Bh5 13. Nh4 Bxe2 14. Rxe2 Rxe2 15. Qxe2 Re8 16. Qd3 h6 17. Be3 Ne4 18. Nf5 Bf4 19. Re1 Ndf6 20. Qc2 Bxe3 21. Rxe3 Qf4 22. Nxe4 Rxe4 23. Rxe4 Nxe4 24. Ne3 g6 25. Qe2 h5 26. a4 Kf8 27. f3 Ng3 28. Qe1 a6 29. a5 h4 30. Nf1 Nf5 31. Qd2 Qc7 32. b4 Qe7 33. Kf2 g5 34. Ne3 Nxe3 35. Qxe3 f5 36. Qxe7+ Kxe7 37. f4 g4 38. hxg4 fxg4 39. g3 h3 40. Kg1 Kf6 41. Kh2 Kf5 42. Kg1 Ke4 43. Kf2 Kf5 1/2-1/2